|
|
|
|
| LEADER |
00838nam a2200277 4500 |
| 001 |
DLU060051899 |
| 040 |
# |
# |
|a DLU
|b vie
|
| 041 |
# |
# |
|a vie
|
| 044 |
# |
# |
|a vn
|
| 100 |
# |
# |
|a Đỗ Thanh Bình, Trịnh Nam Giang
|
| 245 |
# |
# |
|a Chính sách thuộc địa của đế quốc Anh và đế quốc Pháp hệ quả nhìn từ hai phía /
|c Đỗ Thanh Bình, Trịnh Nam Giang
|
| 653 |
# |
# |
|a Anh - Pháp
|
| 653 |
# |
# |
|a Chính sách
|
| 653 |
# |
# |
|a Thuộc địa
|
| 773 |
# |
# |
|t Nghiên cứu lịch sử
|g Số 1, 2005, tr.44-53
|
| 920 |
# |
# |
|a Phòng Tạp chí -- Trung tâm Thông tin - Thư viện Trường Đại học Đà Lạt
|
| 933 |
# |
# |
|a CT, TN
|
| 994 |
# |
# |
|a DLU
|
| 900 |
# |
# |
|a True
|
| 911 |
# |
# |
|a Nguyễn Thị Yên
|
| 925 |
# |
# |
|a G
|
| 926 |
# |
# |
|a A
|
| 927 |
# |
# |
|a BB
|
| 980 |
# |
# |
|a Thư viện Trường Đại học Đà Lạt
|